Statistics for Presidential First Names

Click here to take the quiz!

General Stats

  • This quiz has been taken 130,248 times
    (76,835 since last reset)
  • The average score is 33 of 45

Answer Stats

# First Name % Correct
1George I
99%
43George III
99%
41George II
99%
10John III
96%
42William IV
96%
45Donald
96%
2John I
96%
35John V
96%
30John IV (Calvin)
96%
6John II
96%
44Barack
95%
39James VI
88%
16Abraham
86%
28Thomas II (Woodrow)
84%
40Ronald
84%
20James V
83%
5James II
83%
11James III
83%
4James I
83%
15James IV
83%
37Richard
81%
3Thomas I
80%
26Theodore
78%
25William II
78%
27William III
78%
9William I
78%
14Franklin I
76%
32Franklin II
76%
34Dwight
68%
33Harry
67%
36Lyndon
64%
38Gerald
64%
17Andrew II
63%
7Andrew I
63%
31Herbert
55%
18Ulysses
54%
22Stephen (Grover)
51%
24Stephen (Grover)
51%
8Martin
45%
23Benjamin
44%
12Zachary
36%
21Chester
36%
13Millard
36%
19Rutherford
34%
29Warren
32%

Score Distribution

Percentile by Number Answered

Percent of People with Each Score

Your Score History

You have not taken this quiz since the last reset